000 00364nam a2200169Ia 4500
100 _aNisha Tripathi
650 _aStart up
942 _cBK
366 _f25
654 _astart up
245 _aNo shortcuts:Rare insights from 15 successful start-up founders
260 _bsage
_c2018
082 _bNIS
300 _a279
546 _aENGLISH
999 _c18086
_d18086